书目信息 |
| 题名: |
翰墨情缘
|
|
| 作者: | 叶如棠 编著 | |
| 分册: | ||
| 出版信息: | 北京 中国建筑工业出版社 2009.09 |
|
| 页数: | 135页 | |
| 开本: | 30cm | |
| 丛书名: | ||
| 单 册: | ||
| 中图分类: | J292.42 | |
| 科图分类: | ||
| 主题词: | 书法--中国 , 篆刻--中国 | |
| 电子资源: | ||
| ISBN: | 7-112-10996-5 | |
| 000 | 00567nam0 2200205 450 | |
| 001 | 1735939553 | |
| 005 | 20171016100318.67 | |
| 010 | @a7-112-10996-5@dCNY100.00 | |
| 100 | @a20171016d2009 km y0chiy0120 ea | |
| 101 | 0 | @achi |
| 102 | @aCN@b110000 | |
| 200 | 1 | @a翰墨情缘@Ahan mo qing yuan@f叶如棠编著@Fye ru tang bian zhu |
| 210 | @a北京@c中国建筑工业出版社@d2009.09 | |
| 215 | @a135页@d30cm | |
| 606 | 0 | @a书法@x中国 |
| 606 | 0 | @a篆刻@x中国 |
| 690 | @aJ292.42@v4 | |
| 701 | 0 | @a叶如棠@Aye ru tang@4编著 |
| 801 | 0 | @aCN@bMUSE@c20171016 |
| 905 | @aMUSE@dJ292.42@eY452 | |
| 翰墨情缘/叶如棠编著.-北京:中国建筑工业出版社,2009.09 |
| 135页;30cm |
| ISBN 7-112-10996-5:CNY100.00 |
| ● |
| 相关链接 |
|
|
|
正题名:翰墨情缘
索取号:J292.42/Y452
 
预约/预借
| 序号 | 登录号 | 条形码 | 馆藏地/架位号 | 状态 | 备注 |
| 1 | 1308216 | 213082162 | 社科库309/309社科库 81排2列4层/ [索取号:J292.42/Y452] | 在馆 | |
| 2 | 1308217 | 213082171 | 社科库309/309社科库 81排2列4层/ [索取号:J292.42/Y452] | 在馆 | |
| 3 | 1308218 | 213082180 | 社科库309/309社科库 81排2列4层/ [索取号:J292.42/Y452] | 在馆 | |
| 4 | 1308219 | 213082199 | 社科库309/309社科库 81排2列4层/ [索取号:J292.42/Y452] | 在馆 |